Lectures on choquet's theorem

Saved in:
Bibliographic Details
Main Author: Phelps, Robert R (Author)
Format: Book
Language:English
Published: Princeton Van Nostrand 1966
Series:Van Nostrand Mathematical Studies, 7
Subjects:
Tags: Add Tag
No Tags, Be the first to tag this record!

MARC

LEADER 00000nam a2200000 a 4500
001 UCW1337
003 CL-VaPUC
008 920319e19660000US |||||||||||||||||eng|d
082 0 4 |a 515.42  |b PHE  |2 21 
100 0 |a Phelps, Robert R  |e author  |9 305267 
245 1 0 |a Lectures on choquet's theorem 
300 |a 130 p 
942 |c BK 
945 |d 19920319 00:00:00 
260 |a Princeton  |b Van Nostrand  |c 1966 
650 0 |a Teoría de la medida  |9 260231 
650 0 |a Teoría ergódica  |9 270156 
583 |a last modification  |c 20120529 01:00:57  |k Rodrigo Vera 
490 0 |a Van Nostrand Mathematical Studies, 7 
999 |c 216248  |d 216246 
952 |0 0  |1 0  |4 0  |6 515_420000000000000_PHE_1966  |7 0  |8 A  |9 201785  |a BIBMAT  |b BIBMAT  |d 2019-11-14  |i 2690187  |o 515.42 PHE 1966  |p 2690187  |r 2025-01-07  |w 2019-11-14  |y BK  |k MAT